| 000 | 00393nam a2200145Ia 4500 | ||
|---|---|---|---|
| 008 | 210719s1975 xx 000 0 und d | ||
| 041 | _aeng | ||
| 082 | _a973 ISSU | ||
| 245 | _aIssues and themes: essays in American history and civilization. | ||
| 260 |
_aBombay. _bAmerican Library _c1975 |
||
| 300 |
_a287 _bPB |
||
| 365 | _cRs | ||
| 650 | _aAmerican History | ||
| 906 | _aUnited States USA | ||
| 999 |
_c213038 _d213038 |
||